[Event "Mittelrhein Regionalliga 1920"]
[Site "Mittelrhein"]
[Date "2020.02.16"]
[Round "6.5"]
[White "Weisshuhn, Gunnar"]
[Black "Kloke, Stephan"]
[Result "1/2-1/2"]
[WhiteElo "1995"]
[BlackElo "2005"]
[PlyCount "119"]
[EventDate "2019.09.29"]
[EventType "team-tourn"]
[EventRounds "9"]
[EventCountry "GER"]
[SourceTitle "EXT 2023"]
[Source "ChessBase"]
[SourceDate "2022.10.05"]
[SourceVersion "1"]
[SourceVersionDate "2022.10.05"]
[SourceQuality "1"]
[WhiteTeam "Euskirchen Turm"]
[BlackTeam "Koeln Porz III"]
[WhiteTeamCountry "GER"]
[BlackTeamCountry "GER"]

1. d4 d5 2. Nf3 Nc6 3. Bf4 Bf5 4. e3 e6 5. Bb5 Bd6 6. Ne5 Nge7 7. g4 Be4 8. f3 Bg6 9. h4 f6 10. Nxg6 hxg6 11. Bxd6 Qxd6 12. Qd2 0-0-0 13. Nc3 Rh7 14. 0-0-0 Rdh8 15. Qf2 g5 16. h5 g6 17. h6 Rxh6 18. Rxh6 Rxh6 19. f4 gxf4 20. exf4 Rh3 21. Bf1 Rh2 22. Qf3 Rh8 23. Ne2 e5 24. dxe5 fxe5 25. fxe5 Nxe5 26. Qf4 N7c6 27. Bg2 Rf8 28. Qg3 Ne7 29. Nc3 Nc4 30. Qxd6 cxd6 31. Nxd5 Nxd5 32. Bxd5 Ne3 33. Be6+ Kc7 34. Re1 Rf3 35. Kd2 Ng2 36. Re4 Nf4 37. Bb3 d5 38. Re7+ Kc6 39. Ba4+ b5 40. Bb3 a5 41. a4 Rg3 42. axb5+ Kxb5 43. Rf7 Rxg4 44. Ke3 Ng2+ 45. Kf3 Rg5 46. Bxd5 Ne1+ 47. Ke4 Nxc2 48. Rb7+ Ka6 49. Rg7 Rg2 50. Kf4 Rf2+ 51. Kg3 Rf6 52. Be4 Ne3 53. Rxg6 Rxg6+ 54. Bxg6 Kb5 55. Kf3 Nc4 56. Ke2 Kb4 57. Kd1 Nxb2+ 58. Kc2 Nc4 59. Be8 a4 60. Bxa4 1/2-1/2

[Event "Mittelrhein Regionalliga 1920"]
[Site "Mittelrhein"]
[Date "2019.10.27"]
[Round "2.4"]
[White "Vogel, Ulrich"]
[Black "Weisshuhn, Gunnar"]
[Result "1-0"]
[WhiteElo "2097"]
[BlackElo "1995"]
[PlyCount "59"]
[EventDate "2019.09.29"]
[EventType "team-tourn"]
[EventRounds "9"]
[EventCountry "GER"]
[SourceTitle "EXT 2023"]
[Source "ChessBase"]
[SourceDate "2022.10.05"]
[SourceVersion "1"]
[SourceVersionDate "2022.10.05"]
[SourceQuality "1"]
[WhiteTeam "Kalker/Deutzer SG"]
[BlackTeam "Euskirchen Turm"]
[WhiteTeamCountry "GER"]
[BlackTeamCountry "GER"]

1. d4 Nf6 2. Bf4 e6 3. e3 b6 4. Nf3 Bb7 5. Nbd2 d5 6. Ne5 Be7 7. Bb5+ c6 8. Bd3 0-0 9. Qf3 Nbd7 10. Qh3 c5 11. c3 Re8 12. Ndf3 Nxe5 13. Nxe5 g6 14. g4 c4 15. Bc2 b5 16. a3 a5 17. Bd1 Rf8 18. Bh6 Re8 19. Qf3 Bf8 20. Bg5 Bg7 21. Qf4 Qe7 22. h4 b4 23. Rh2 bxc3 24. bxc3 Nh5 25. gxh5 f6 26. hxg6 h6 27. Ba4 fxg5 28. Qf7+ Kh8 29. Bxe8 Rxe8 30. hxg5 1-0

[Event "Mittelrhein Regionalliga 18/19"]
[Site "Nordrheinwestfalen"]
[Date "2019.05.19"]
[Round "11.5"]
[White "Reinhard, Marcus"]
[Black "Weisshuhn, Gunnar"]
[Result "0-1"]
[WhiteElo "1940"]
[BlackElo "2003"]
[PlyCount "78"]
[EventDate "2018.10.28"]
[EventType "team-tourn"]
[EventRounds "11"]
[EventCountry "GER"]
[SourceTitle "EXT 2022"]
[Source "ChessBase"]
[SourceDate "2021.10.06"]
[SourceVersion "1"]
[SourceVersionDate "2021.10.06"]
[SourceQuality "1"]
[WhiteTeam "Alsdorf SVG"]
[BlackTeam "Euskirchen Turm"]
[WhiteTeamCountry "GER"]
[BlackTeamCountry "GER"]

1. e4 c5 2. Nf3 d6 3. d4 cxd4 4. Nxd4 Nf6 5. Nc3 a6 6. a4 e6 7. g4 Be7 8. g5 Nfd7 9. f4 Nc6 10. Nb3 b6 11. Bg2 Bb7 12. 0-0 Qc7 13. f5 0-0-0 14. fxe6 fxe6 15. Bh3 Nb4 16. Bxe6 Kb8 17. Bd5 Rdf8 18. Rxf8+ Rxf8 19. Bxb7 Kxb7 20. Nd4 Qc5 21. Kh1 Qc4 22. Be3 g6 23. Qe2 Ne5 24. Re1 Qxe2 25. Ncxe2 Ng4 26. Bd2 Nc6 27. Nxc6 Kxc6 28. Nd4+ Kd7 29. Re2 Ne5 30. Kg2 Rc8 31. b3 Nc6 32. Nf3 Ke6 33. c4 Rb8 34. Bf4 Ne5 35. Bxe5 dxe5 36. Rd2 Bb4 37. Rd5 Bc3 38. Kf2 Rf8 39. Ke3 Rc8 0-1

[Event "Mittelrhein Verbandsliga-O 16/17"]
[Site "Nordrheinwestfalen"]
[Date "2016.11.27"]
[Round "4"]
[White "Bussard, Achim"]
[Black "Weisshuhn, Gunnar"]
[Result "0-1"]
[WhiteElo "1808"]
[BlackElo "1918"]
[PlyCount "72"]
[EventDate "2016.09.11"]
[EventType "team-tourn"]
[EventRounds "11"]
[EventCountry "GER"]
[SourceTitle "EXT 2022"]
[Source "ChessBase"]
[SourceDate "2021.10.06"]
[SourceVersion "1"]
[SourceVersionDate "2021.10.06"]
[SourceQuality "1"]
[WhiteTeam "Niederkassel II"]
[BlackTeam "Euskirchen Turm"]
[WhiteTeamCountry "GER"]
[BlackTeamCountry "GER"]

1. d4 Nf6 2. Bg5 c6 3. c3 d5 4. e3 Bf5 5. Bd3 Bg6 6. Qc2 Qb6 7. Nd2 Nbd7 8. Ne2 e5 9. dxe5 Nxe5 10. Bxg6 hxg6 11. Bf4 Qxb2 12. Qxb2 Nd3+ 13. Kd1 Nxb2+ 14. Kc2 Na4 15. h3 0-0-0 16. Bg5 Rd7 17. Rhd1 Bd6 18. Bf4 Re8 19. Bxd6 Rxd6 20. Nf4 Red8 21. Rab1 Nc5 22. Nb3 Nce4 23. Rf1 c5 24. f3 Ng3 25. Rfd1 g5 26. Nxc5 b6 27. Nfd3 bxc5 28. Nxc5 Rb6 29. Kd3 Re8 30. Rxb6 axb6 31. Na4 Kc7 32. Rb1 Nd7 33. Rb4 Ra8 34. Kd4 Kc6 35. c4 Nf5+ 36. Kd3 Rxa4 0-1

[Event "Mittelrhein Verbandsliga-O 15/16"]
[Site "Nordrheinwestfalen"]
[Date "2015.12.13"]
[Round "5"]
[White "Weisshuhn, Gunnar"]
[Black "Hoefner, Christoph"]
[Result "0-1"]
[WhiteElo "1921"]
[BlackElo "1839"]
[PlyCount "94"]
[EventDate "2015.09.06"]
[EventType "team-tourn"]
[EventRounds "11"]
[EventCountry "GER"]
[SourceTitle "EXT 2022"]
[Source "ChessBase"]
[SourceDate "2021.10.06"]
[SourceVersion "1"]
[SourceVersionDate "2021.10.06"]
[SourceQuality "1"]
[WhiteTeam "Euskirchen Turm"]
[BlackTeam "Bruehl III"]
[WhiteTeamCountry "GER"]
[BlackTeamCountry "GER"]

1. d4 Nf6 2. Nf3 e6 3. e3 b6 4. c4 Bb7 5. Nc3 Bb4 6. Bd2 0-0 7. Be2 c5 8. 0-0 d6 9. Qb3 Nbd7 10. Rfd1 Qe7 11. Be1 Bxc3 12. Qxc3 Ne4 13. Qa3 Ng5 14. Nxg5 Qxg5 15. f3 Nf6 16. Rd3 cxd4 17. exd4 d5 18. c5 Bc6 19. Qa6 Rfc8 20. b4 bxc5 21. Bd2 Qf5 22. dxc5 e5 23. b5 Be8 24. c6 d4 25. Rc1 Nd5 26. Rc5 Qe6 27. Qa4 Qd6 28. Qc4 Nb6 29. Qc1 a6 30. Rb3 axb5 31. Bxb5 Rxa2 32. Be1 Nd5 33. Bg3 Ra1 34. Qxa1 Qxc5 35. Qe1 f6 36. Qe4 Bg6 37. Qe2 d3+ 38. Qf2 Qc1+ 39. Qf1 d2 40. Be2 Nc3 41. Rxc3 Qxc3 42. f4 exf4 43. Qxf4 Qc1+ 44. Kf2 Qe1+ 45. Ke3 Re8+ 46. Kd4 Qxe2 47. c7 d1Q+ 0-1

[Event "Mittelrhein Verbandsliga Ost 1415"]
[Site "Mittelrhein"]
[Date "2015.01.11"]
[Round "6.5"]
[White "Krebs, Dietmar"]
[Black "Weisshuhn, Gunnar"]
[Result "1/2-1/2"]
[WhiteElo "1912"]
[BlackElo "1931"]
[PlyCount "45"]
[EventDate "2014.09.07"]
[EventType "team-tourn"]
[EventRounds "11"]
[EventCountry "GER"]
[SourceTitle "EXT 2023"]
[Source "ChessBase"]
[SourceDate "2022.10.05"]
[SourceVersion "1"]
[SourceVersionDate "2022.10.05"]
[SourceQuality "1"]
[WhiteTeam "Koeln Lasker II"]
[BlackTeam "Euskirchen Turm"]
[WhiteTeamCountry "GER"]
[BlackTeamCountry "GER"]

1. e4 c5 2. Nf3 d6 3. d4 cxd4 4. Nxd4 Nf6 5. Nc3 a6 6. Bc4 e6 7. a4 Nc6 8. Be3 Qc7 9. Ba2 Be7 10. 0-0 0-0 11. Kh1 Nb4 12. Bb3 d5 13. exd5 Nbxd5 14. Nxd5 Nxd5 15. Bxd5 exd5 16. Qf3 Be6 17. c3 Rac8 18. Rfe1 Bd6 19. h3 Qd7 20. Bf4 Bc5 21. Be3 Bd6 22. Bf4 Bc5 23. Be3 1/2-1/2

[Event "Mittelrhein Verbandsliga Ost 1314"]
[Site "Mittelrhein"]
[Date "2014.01.19"]
[Round "6.7"]
[White "Bitsch, Heinz"]
[Black "Weisshuhn, Gunnar"]
[Result "0-1"]
[WhiteElo "1773"]
[BlackElo "2003"]
[PlyCount "112"]
[EventDate "2013.09.15"]
[EventType "team-tourn"]
[EventRounds "11"]
[EventCountry "GER"]
[SourceTitle "EXT 2023"]
[Source "ChessBase"]
[SourceDate "2022.10.05"]
[SourceVersion "1"]
[SourceVersionDate "2022.10.05"]
[SourceQuality "1"]
[WhiteTeam "Godesberg IV"]
[BlackTeam "Euskirchen Turm"]
[WhiteTeamCountry "GER"]
[BlackTeamCountry "GER"]

1. e4 c5 2. Nf3 d6 3. d4 cxd4 4. Qxd4 Nc6 5. Bb5 Bd7 6. Qd3 a6 7. Bxc6 Bxc6 8. Nc3 Nf6 9. 0-0 Qa5 10. Nd4 g6 11. Bd2 Qb6 12. Nxc6 bxc6 13. Na4 Qb7 14. c4 Bg7 15. Bc3 0-0 16. Rad1 c5 17. Rfe1 Nd7 18. Bxg7 Kxg7 19. Qd5 Qxd5 20. exd5 Rfe8 21. f4 Rab8 22. Re2 Nb6 23. Nxb6 Rxb6 24. Rde1 Kf6 25. Kf2 Rb4 26. b3 a5 27. g4 a4 28. bxa4 Rxc4 29. Re4 Rxe4 30. Rxe4 e6 31. a5 Ra8 32. dxe6 fxe6 33. Ra4 Ra6 34. Ke3 d5 35. h4 h5 36. gxh5 gxh5 37. Ra3 Ke7 38. Ra4 Kd6 39. Kd3 Kc6 40. f5 exf5 41. Rf4 Rxa5 42. Rxf5 Ra3+ 43. Kc2 Rxa2+ 44. Kb3 Rh2 45. Rxh5 Rh3+ 46. Kc2 c4 47. Rh8 Kc5 48. h5 Kd4 49. h6 Rh2+ 50. Kc1 Kc3 51. Kd1 d4 52. h7 d3 53. Re8 Rxh7 54. Re4 Rh1+ 55. Re1 Rxe1+ 56. Kxe1 Kc2 0-1

[Event "Cologne Longerich op 7th"]
[Site "Cologne"]
[Date "2010.07.31"]
[Round "3"]
[White "Weisshuhn, Gunnar"]
[Black "Lenhardt, Manfred"]
[Result "1-0"]
[WhiteElo "1824"]
[BlackElo "2003"]
[PlyCount "81"]
[EventDate "2010.07.30"]
[EventType "swiss"]
[EventRounds "5"]
[EventCountry "GER"]
[SourceTitle "EXT 2011"]
[Source "ChessBase"]
[SourceDate "2010.11.26"]
[SourceVersion "1"]
[SourceVersionDate "2010.11.26"]
[SourceQuality "1"]

1. d4 d5 2. Nf3 c6 3. c4 Nf6 4. Nc3 e6 5. g3 Be7 6. Bg2 0-0 7. 0-0 Nbd7 8. Qb3 Qb6 9. Qxb6 axb6 10. cxd5 exd5 11. e3 b5 12. b3 Nb6 13. Ne5 Bf5 14. h3 h5 15. f3 Bd6 16. g4 hxg4 17. hxg4 Bh7 18. a4 Rfe8 19. Bb2 b4 20. Na2 Nfd7 21. Nxd7 Nxd7 22. Kf2 Bc2 23. Nc1 c5 24. dxc5 Nxc5 25. Rh1 Nxb3 26. Nxb3 Bxb3 27. Rh5 Rec8 28. Rah1 f6 29. f4 Rc2+ 30. Kf3 Kf7 31. Bd4 Rxa4 32. g5 Raa2 33. Bf1 Rc8 34. gxf6 Bd1+ 35. Kg3 Bxh5 36. Rxh5 gxf6 37. Rh7+ Kg6 38. Bd3+ f5 39. Rg7+ Kh6 40. Bxf5 Rf8 41. Rh7# 1-0

[Event "NRW U25 op"]
[Site "Olpe"]
[Date "2005.10.03"]
[Round "6.4"]
[White "Wagner, Mirco"]
[Black "Weisshuhn, Gunnar"]
[Result "0-1"]
[WhiteElo "1970"]
[BlackElo "1881"]
[PlyCount "62"]
[EventDate "2005.10.01"]
[EventType "swiss"]
[EventRounds "7"]
[EventCountry "GER"]
[SourceTitle "CBM 108 Extra"]
[Source "ChessBase"]
[SourceDate "2005.11.04"]
[SourceVersion "1"]
[SourceVersionDate "2005.11.04"]
[SourceQuality "1"]

1. e4 c5 2. Nf3 d6 3. d4 cxd4 4. Nxd4 Nf6 5. Nc3 a6 6. Be3 e6 7. f3 b5 8. Qd2 Bb7 9. g4 Be7 10. h4 Nfd7 11. 0-0-0 Nb6 12. g5 N8d7 13. Qf2 Rc8 14. Nb3 Rxc3 15. bxc3 Na4 16. Bd2 Qc7 17. Qe3 0-0 18. h5 Rc8 19. g6 h6 20. gxf7+ Kxf7 21. Qf4+ Bf6 22. c4 e5 23. Qf5 bxc4 24. Bxc4+ Qxc4 25. Qxd7+ Kg8 26. c3 Bg5 27. Rdg1 Qxc3+ 28. Kd1 Qxf3+ 29. Ke1 Bxd2+ 30. Kxd2 Qf2+ 31. Kd1 Nb2# 0-1

[Event "NRW U25 op"]
[Site "Olpe"]
[Date "2005.10.02"]
[Round "3.4"]
[White "Weisshuhn, Gunnar"]
[Black "Scheider, Julian"]
[Result "1/2-1/2"]
[WhiteElo "1881"]
[BlackElo "2185"]
[PlyCount "86"]
[EventDate "2005.10.01"]
[EventType "swiss"]
[EventRounds "7"]
[EventCountry "GER"]
[SourceTitle "CBM 108 Extra"]
[Source "ChessBase"]
[SourceDate "2005.11.04"]
[SourceVersion "1"]
[SourceVersionDate "2005.11.04"]
[SourceQuality "1"]

1. d4 d5 2. c4 Nc6 3. e3 e6 4. Nf3 Nf6 5. Nc3 a6 6. Bd2 Be7 7. a3 0-0 8. Bd3 b6 9. 0-0 Bb7 10. cxd5 exd5 11. Rc1 Re8 12. Qc2 Bf8 13. Rfd1 Rc8 14. Bf5 Rb8 15. Ng5 g6 16. Bh3 h6 17. Nf3 Bd6 18. Ne2 Kg7 19. g3 Ne4 20. Nf4 Nxd2 21. Qxd2 Na5 22. Qc3 Qf6 23. Ne5 Rxe5 24. dxe5 Bxe5 25. Qc2 d4 26. exd4 Bxf4 27. gxf4 Qxf4 28. d5 Qg5+ 29. Bg2 Rd8 30. Qc3+ Kg8 31. Qg3 c5 32. Qxg5 hxg5 33. b4 Nb3 34. Rc3 Nd4 35. Kf1 Nb5 36. Rg3 c4 37. a4 Nd6 38. Rxg5 b5 39. axb5 axb5 40. Ra1 Kg7 41. Re5 Kf6 42. Ree1 Nf5 43. Red1 Nd6 1/2-1/2